| 000 | 00650nam a2200217 a 4500 | ||
|---|---|---|---|
| 001 | BRCA_8192 | ||
| 005 | 20190320210153.0 | ||
| 008 | 120514s1954----enka###f##---#000-0#eng-# | ||
| 041 | _aeng | ||
| 044 | _aenk | ||
| 050 | 4 |
_aNK7143 _b.V53 _c1954 |
|
| 110 | 2 |
_aVictoria and Albert Museum _913348 |
|
| 245 | 1 | 0 |
_aRoyal Plate _bfrom Buckingham Palace & Windsor Castle _cVictoria and Albert Museum. |
| 260 |
_aLondres _bH.M. Stationery Office _c1954 |
||
| 300 |
_a1 v. _bil., 28 láminas _c18 cm. |
||
| 500 | _aU7 | ||
| 650 | 1 | 4 |
_aVajillas inglesas _vRealeza _920419 |
| 650 | 1 | 4 |
_aCerámica y porcelana _zInglaterra _920420 |
| 902 | _aGFM | ||
| 942 |
_2lcc _cB |
||
| 999 |
_c7860 _d7860 |
||